| 000 | 01412nam a2200337 ia4500 | ||
|---|---|---|---|
| 005 | 20260104121358.0 | ||
| 008 | 251203t20252025si oa br 000 0 eng d | ||
| 020 |
_a9789811288234 _cRM33.60 _qpaperback |
||
| 040 |
_aPPAK _beng _cPPAK _erda |
||
| 082 | 0 | 4 |
_223 _a609 |
| 090 | 0 | 0 |
_a609 _bGLE _dK |
| 100 | 1 |
_aGleason, Carrie, _d1973- _eauthor. |
|
| 245 | 1 | 0 |
_aDiscoveries and Inventions / _cCarrie Gleason ; Editor: Daniele Lee |
| 264 | 1 |
_aSingapore : _bWS Education, an imprint of World Scientific Publishing Co. Pte. Ltd., _c[2025?] |
|
| 264 | 4 | _c©2025 | |
| 300 |
_a169 pages, 3 unnumbered pages : _bcolour photographs, colour illustrations ; _c16 x 16 cm |
||
| 336 |
_atext _2rdacontent |
||
| 337 |
_aunmediated _2rdamedia |
||
| 338 |
_avolume _2rdacarrier |
||
| 490 | 1 | _aQuiz Champs | |
| 500 | _a"Great for classroom and home use"--Cover | ||
| 520 | _aThe Quiz Champs series has been specially crafted to be a fun and educational learning experience for young learners. Answers and additional information have been provided to aid in learning. | ||
| 650 | 1 | 0 |
_aDiscoveries _vJuvenile literature |
| 650 | 2 | 0 |
_aInventions _vJuvenile literature |
| 650 | 2 | 0 |
_aTechnology _vJuvenile literature |
| 650 | 2 | 0 |
_aSciences _vJuvenile literature |
| 650 | 2 | 0 | _aCuriosities and wonders |
| 700 | 1 |
_aLee, Daniele, _eeditor. |
|
| 830 | 0 | _aQuiz champs | |
| 942 |
_2ddc _cB |
||
| 999 |
_c201948 _d201948 |
||